[Event "CHN-ch Gp-B"]
[Site "Liaocheng"]
[Date "2024.04.26"]
[Round "11"]
[White "Wang, Zihang"]
[Black "Jiang, Haochen"]
[Result "0-1"]
[WhiteElo "1846"]
[BlackElo "2381"]
[PlyCount "62"]
[EventDate "2024.04.21"]
[EventType "swiss"]
[EventRounds "11"]
[EventCountry "CHN"]
[SourceTitle "CB18_2024"]
[SourceDate "2024.05.01"]
[SourceVersion "1"]
[SourceVersionDate "2024.05.01"]
[SourceQuality "2"]

1. e4 e5 2. Nf3 Nc6 3. Bc4 Bc5 4. c3 Nf6 5. d3 0-0 6. 0-0 d6 7. Re1 Re8 8. a4 a5 9. h3 Be6 10. Bb5 Bd7 11. Nbd2 Ne7 12. Bxd7 Qxd7 13. Nf1 Ng6 14. Ng3 d5 15. Bg5 dxe4 16. dxe4 Qc6 17. Qb3 Nf4 18. Nxe5 Nxh3+ 19. gxh3 Rxe5 20. Bf4 Nxe4 21. Bxe5 Bxf2+ 22. Kh2 Nd2 23. Qb5 Nf3+ 24. Kh1 Nxe5+ 25. Qxc6 Nxc6 26. Nf5 Bxe1 27. Rxe1 Kf8 28. Nd4 Nxd4 29. cxd4 Rd8 30. Rc1 Rxd4 31. Rxc7 Rb4 0-1

[Event "CHN-chT"]
[Site "Qingdao"]
[Date "2024.04.06"]
[Round "5.2"]
[White "Wang, Zihang"]
[Black "Fan, Jingyi"]
[Result "1/2-1/2"]
[WhiteElo "1846"]
[BlackElo "2040"]
[PlyCount "74"]
[EventDate "2024.04.02"]
[EventType "team-swiss"]
[EventRounds "9"]
[EventCountry "CHN"]
[SourceTitle "CB16_2024"]
[SourceDate "2024.04.17"]
[SourceVersion "1"]
[SourceVersionDate "2024.04.17"]
[SourceQuality "1"]
[WhiteTeam "Anhui"]
[BlackTeam "Hebei"]
[WhiteTeamCountry "CHN"]
[BlackTeamCountry "CHN"]

1. e4 c5 2. Nf3 e6 3. c3 d5 4. exd5 Qxd5 5. d4 Nf6 6. Na3 Nc6 7. Be3 cxd4 8. Nb5 Qd7 9. Nbxd4 Be7 10. Nxc6 Qxc6 11. Ne5 Qe4 12. Qd4 0-0 13. Qxe4 Nxe4 14. Be2 f6 15. Nd3 e5 16. f4 exf4 17. Nxf4 Bc5 18. Bxc5 Nxc5 19. 0-0-0 g6 20. Rhe1 Kh8 21. Nd3 Nxd3+ 22. Bxd3 Bg4 23. Be2 Bxe2 24. Rxe2 Rf7 25. c4 Kg7 26. Kc2 Rc8 27. Kc3 f5 28. b4 f4 29. Rd3 b6 30. Re4 Rc6 31. a4 g5 32. h3 h5 33. Re5 Rg6 34. c5 g4 35. hxg4 hxg4 36. Re2 a5 37. cxb6 axb4+ 1/2-1/2

[Event "CHN-ch U14"]
[Site "Shanghai"]
[Date "2024.02.20"]
[Round "9"]
[White "Chen, Zhiyuan"]
[Black "Wang, Zihang"]
[Result "1/2-1/2"]
[WhiteElo "1613"]
[BlackElo "1788"]
[PlyCount "72"]
[EventDate "2024.02.16"]
[EventType "swiss"]
[EventRounds "11"]
[EventCountry "CHN"]
[SourceTitle "CB09_2024"]
[SourceDate "2024.02.28"]
[SourceVersion "1"]
[SourceVersionDate "2024.02.28"]
[SourceQuality "1"]

1. Nf3 d5 2. g3 Nc6 3. d4 Bf5 4. Bg2 Nb4 5. Na3 e6 6. 0-0 Nf6 7. c4 Nc6 8. Nb5 a6 9. Nc3 Be7 10. Ne5 0-0 11. cxd5 exd5 12. Nxc6 bxc6 13. h3 Bd6 14. g4 Bd7 15. Bg5 Qe7 16. e4 dxe4 17. Nxe4 Qd8 18. Qf3 Be7 19. Nxf6+ Bxf6 20. Bxf6 Qxf6 21. Qxf6 gxf6 22. Rac1 Rfb8 23. b3 Rb6 24. Rc5 a5 25. Re1 a4 26. Re7 axb3 27. axb3 Rd8 28. d5 Kf8 29. Re3 cxd5 30. Rxd5 Rd6 31. Rh5 Kg7 32. Rc3 c6 33. Rhc5 Rb8 34. Bxc6 Rxc6 35. Rxc6 Bxc6 36. Rxc6 Rxb3 1/2-1/2

[Event "CHN-ch U12"]
[Site "Shenzhen"]
[Date "2023.08.02"]
[Round "11"]
[White "Wang, Zihang"]
[Black "Yang, Zilong"]
[Result "1/2-1/2"]
[WhiteElo "1752"]
[BlackElo "1862"]
[PlyCount "72"]
[EventDate "2023.07.28"]
[EventType "swiss"]
[EventRounds "11"]
[EventCountry "CHN"]
[SourceTitle "CBM 215 Extra"]
[Source "ChessBase"]
[SourceDate "2023.09.30"]
[SourceVersion "1"]
[SourceVersionDate "2023.09.30"]
[SourceQuality "1"]

1. e4 c5 2. Nf3 e6 3. c3 d5 4. exd5 Qxd5 5. d4 Nc6 6. Bd3 Nf6 7. 0-0 Be7 8. dxc5 Bxc5 9. Qe2 0-0 10. Rd1 Qh5 11. Nbd2 Bb6 12. Ne4 Nxe4 13. Bxe4 Re8 14. Be3 Bxe3 15. Qxe3 e5 16. Bxc6 bxc6 17. Qxe5 Bg4 18. Qxh5 Bxh5 19. Rd2 Bxf3 20. gxf3 Re5 21. Rad1 Kf8 22. Rd7 a5 23. R1d4 Rf5 24. Kg2 g6 25. Rc7 Rf6 26. Kg3 Re8 27. Re4 Rb8 28. b4 axb4 29. Rxb4 Ra8 30. Rc4 Rxa2 31. R7xc6 Rxc6 32. Rxc6 Rc2 33. Rc7 Kg7 34. c4 Kf6 35. c5 Rc4 36. c6 g5 1/2-1/2

[Event "CHN-ch U12"]
[Site "Shenzhen"]
[Date "2023.07.29"]
[Round "3"]
[White "Wang, Zihang"]
[Black "Liu, Huaqi"]
[Result "1-0"]
[WhiteElo "1752"]
[BlackElo "1567"]
[PlyCount "97"]
[EventDate "2023.07.28"]
[EventType "swiss"]
[EventRounds "11"]
[EventCountry "CHN"]
[SourceTitle "CBM 215 Extra"]
[Source "ChessBase"]
[SourceDate "2023.09.30"]
[SourceVersion "1"]
[SourceVersionDate "2023.09.30"]
[SourceQuality "1"]

1. e4 c5 2. Nf3 d6 3. Bb5+ Bd7 4. Bxd7+ Qxd7 5. c4 Nf6 6. Nc3 Nc6 7. d4 cxd4 8. Nxd4 g6 9. f3 Nxd4 10. Qxd4 Bg7 11. Be3 0-0 12. Qd3 a6 13. 0-0 Rfc8 14. a4 Qc7 15. b3 e6 16. Rac1 Nd7 17. Rfd1 Nc5 18. Qc2 b6 19. Kh1 h5 20. Bd4 Bh6 21. Rb1 Nd7 22. Qf2 Qd8 23. Be3 Bf8 24. f4 Rc6 25. Qf3 Rac8 26. Bd4 Bg7 27. Bxg7 Kxg7 28. Qe3 Qe7 29. Na2 a5 30. Nc3 Rd8 31. Nb5 Nf6 32. Rb2 Rd7 33. Rbd2 Qd8 34. e5 Ng4 35. Qf3 d5 36. h3 Nh6 37. cxd5 Rc5 38. d6 Nf5 39. Nd4 Nxd4 40. Rxd4 f6 41. Rc4 fxe5 42. Rxc5 bxc5 43. fxe5 Rf7 44. Qc6 Qf8 45. Kg1 Qd8 46. d7 c4 47. bxc4 Re7 48. c5 Rf7 49. Qc8 1-0

[Event "CHN-chT"]
[Site "Hangzhou"]
[Date "2023.05.20"]
[Round "2.1"]
[White "Liu, Yan"]
[Black "Wang, Zihang"]
[Result "1-0"]
[WhiteElo "2548"]
[BlackElo "1669"]
[PlyCount "137"]
[EventDate "2023.05.19"]
[EventType "team-swiss"]
[EventRounds "9"]
[EventCountry "CHN"]
[SourceTitle "CBM 214 Extra"]
[Source "ChessBase"]
[SourceDate "2023.07.31"]
[SourceVersion "1"]
[SourceVersionDate "2023.07.31"]
[SourceQuality "1"]
[WhiteTeam "Chongqing"]
[BlackTeam "Hainan"]
[WhiteTeamCountry "CHN"]
[BlackTeamCountry "CHN"]

1. c4 c5 2. g3 Nc6 3. Bg2 g6 4. Nc3 Bg7 5. Nf3 e6 6. d4 cxd4 7. Nb5 d5 8. cxd5 exd5 9. Nfxd4 Nxd4 10. Nxd4 Ne7 11. 0-0 0-0 12. Be3 Be6 13. Qb3 Qd7 14. Rfd1 Rfd8 15. Rac1 Nc6 16. Nxc6 bxc6 17. Bd4 Bxd4 18. Rxd4 Rac8 19. Rc5 Re8 20. Qc3 Bf5 21. e3 Qe6 22. h4 h5 23. Ra4 Qd7 24. Kh2 Be4 25. Bh3 Bf5 26. Bxf5 Qxf5 27. Rf4 Qd7 28. Rd4 Qe6 29. Kg2 Red8 30. b4 Re8 31. Ra5 Re7 32. a4 Rcc7 33. Rc5 Qd6 34. Rd2 Kh7 35. Rc2 Rb7 36. Rd2 Rbc7 37. Rd4 Kg8 38. Rf4 f5 39. Rd4 Kh7 40. Rd2 Rg7 41. Rc2 Rb7 42. Qd4 Rgc7 43. b5 cxb5 44. Rxd5 Qe7 45. Rxc7 Qxc7 46. axb5 Qg7 47. Kf3 Re7 48. Qxg7+ Kxg7 49. Ke2 Rb7 50. Kd3 Rb6 51. Kd4 a6 52. bxa6 Rxa6 53. Ke5 Kh6 54. Rd8 Rb6 55. Re8 Ra6 56. f3 Ra5+ 57. Kf6 Ra6+ 58. Kf7 Ra7+ 59. Re7 Ra8 60. e4 fxe4 61. fxe4 Rb8 62. e5 Rb3 63. Kf8 Ra3 64. e6 g5 65. hxg5+ Kxg5 66. Rd7 Re3 67. Rg7+ Kh6 68. e7 Rf3+ 69. Rf7 1-0